Zbiory i prace dotyczące emigracji i Polonii w Bibliotece Uniwersyteckiej oraz Książnicy Miejskiej w Toruniu informator

Bibliographic Details
Corporate Author: Uniwersytet Mikolaja Kopernika w Toruniu. Biblioteka (Author)
Other Authors: Supruniuk, Mirosław Adam (Compiler)
Format: Book
Language:Polish
PhysicalDescription:291 s., 21 čiast. fareb. obr. príl. 21 cm
Published: Toruń Uniwersytet Mikołaja Kopernika 1999
ISBN:8323110697
ISSN:0239-9814
Series:Zbiory i Prace Polonijne Bibliotek Polskich
Subjects:

MARC

LEADER 00000nam a2200000 a 4500
001 vtls001379637
003 SK-MaSNL
005 20260301161343.0
008 251113s1999 PL a r 0 pol
020 |a 8323110697  |c [200,00] 
035 |a SNK000333613 
040 |a SNK  |b slo  |c SNK  |e AACR2 
044 |a PL 
080 |a 015(438-21)  |2 1981 
080 |a 018.1(438-21)  |2 1981 
080 |a 094(=84)  |2 1981 
110 0 |a Uniwersytet Mikolaja Kopernika w Toruniu.  |b Biblioteka  |4 aut  |9 65254 
245 1 |a Zbiory i prace dotyczące emigracji i Polonii w Bibliotece Uniwersyteckiej oraz Książnicy Miejskiej w Toruniu  |b informator  |c [całość informatora opracował Mirosław Adam Supruniuk] 
260 |a Toruń  |b Uniwersytet Mikołaja Kopernika  |c 1999 
300 |a 291 s., 21 čiast. fareb. obr. príl.  |c 21 cm 
490 1 |a Zbiory i Prace Polonijne Bibliotek Polskich  |x 0239-9814  |v t. 10 
610 0 7 |a Knižnica univerzitná, Toruň, Poľsko  |x prehľady  |2 SNK  |9 524245 
611 1 7 |a Knižnica univerzitná, Toruň, Poľsko  |x prehľady  |2 SNK  |9 524246 
650 0 7 |a poľské tlače  |2 SNK  |9 239370 
650 0 7 |a poloniká  |x knižnice poľské  |x prehľady  |2 SNK  |9 524247 
700 1 |a Supruniuk, Mirosław Adam  |4 zos  |9 516951 
830 0 |a Zbiory i Prace Polonijne Bibliotek Polskich  |9 452134 
919 |a 83-231-1069-7 
999 |c 809091  |d 811021 
952 |t P60, <04>, [BOOK], {604}  |a SNK  |b SNK  |y VYP  |7 0  |p 17A0228095  |o snkIC 128385  |i snkV 249/2000  |0 0  |1 0  |4 0  |d 2000-02-15  |l 0  |r 2005-01-02 00:00:00  |w 2026-02-24